000 00621nam a2200193 i 4500
001 000029650
003 DO-SdBNP
005 20250130101233.0
007 ta
008 110419s1981 dr a 000 0 spa d
040 _aDO-SdBNP
_bspa
_cBNPHU
049 _aBNPD
082 _axxx
_bR426p
_222
110 1 _aRepública Dominicana.
_bSecretaría de Estado de Educación, Bellas Artes y Cultos
_923965
245 1 0 _aPrograma de entrenamiento 1981-82
264 1 _aSanto Domingo :
_bSecretaría de Estado de Educación, Bellas Artes y Cultos,
_c1981.
300 _a63 páginas :
_bilustraciones ;
_c26 cm.
942 _2ddc
_cLBS1
999 _c29142
_d29142